000
00323nam a2200121 a 4500
008
100910s1965|||| d
100
1
_a
Dolď-Mychajlyk, Jurij
245
1
0
_a
Barón Goldring sa vracia
260
_b
Vydavateľstvo politickej literatúry
_c
1965
_a
Bratislava
020
_c
18
044
_a
xo
_c
SK
041
_a
slo
999
_c
10266
_d
10266